Carlota e a festa de Natal (Registo nº 2121)
[ vista simples ]
| 000 -Etiqueta do registo | |
|---|---|
| Cabeçalho | 00909nam a22003011 4500 |
| 005 - Identificador da versão | |
| Campo de controlo | 20240813121925.0 |
| 095 ## - | |
| -- | PTBN00124723 |
| 021 ## - Número do Depósito Legal | |
| Código do país | PT |
| Número | 23644/88 |
| 100 ## - Dados gerais de processamento | |
| Dados gerais de processamento | 19990306d1988 da y0pory5003 ba |
| 102 ## - Pais de publicação ou produção | |
| País de publicação | Portugal |
| 101 1# - Língua de publicação | |
| Língua do texto, banda sonora, etc. | Português |
| Língua do documento no original | Dinamarquês |
| 106 ## - Campo de dados codificados: material textual | |
| Dados codificados do material textual | r |
| 105 ## - Campo de dados codificados: livros | |
| Dados codificados dos livros | a z 001ay |
| 215 ## - Descrição física | |
| Indicação específica da natureza do documento e extensão da espécie | 101 p. |
| Outras indicações físicas | il. |
| Dimensões | 21 cm |
| 200 1# - Titulo e menção de responsabilidade | |
| Título próprio | Carlota e a festa de Natal |
| Primeira menção de responsabilidade | Gretha Stevns |
| Outras menções de responsabilidade | trad. de Inga Gullander |
| -- | il. de Júlio Gil |
| 225 2# - Colecção | |
| Título próprio da colecção | Carlota |
| Indicação de volume | 7 |
| 210 ## - Publicação, Distribuição, etc. | |
| Lugar da edição, distribuição, etc. | Lisboa |
| Nome do editor, distribuidor, etc. | Verbo |
| Data da publicação, distribuição, etc. | imp. 1988 |
| 304 ## - Notas relativas a título e menção de responsabilidade | |
| Texto da nota | Tít. orig. : Pernille holder jul |
| 606 ## - Nome comum usado como assunto | |
| Número de registo de entrada de autoridade | 0000229 |
| Palavra de ordem | Literatura estrangeira infanto-juvenil |
| Subdivisão de assunto | Romance de aventuras |
| 675 ## - Classificação Decimal Universal (CDU) | |
| Notação | 82-311.3 |
| Edição | 2ª |
| Língua da edição | por |
| 702 #1 - Nome de autor-pessoa física (responsabilidade secundária) | |
| Número de registo de entrada de autoridade | 0000874 |
| Palavra de ordem | Gullander |
| Outra parte do nome não tomada para palavra de ordem | Inga |
| Código de função | Tradutor |
| Número de registo de entrada de autoridade | 0000875 |
| Palavra de ordem | Gil |
| Outra parte do nome não tomada para palavra de ordem | Júlio |
| Datas | 1924- |
| Código de função | Ilustrador / Técnico de desenho computorizado |
| 700 #1 - Nome de autor-pessoa física (responsabilidade principal) | |
| Número de registo de entrada de autoridade | 0000873 |
| Palavra de ordem | Stevns |
| Outra parte do nome não tomada para palavra de ordem | Greta |
| Elementos de identificação ou distinção | pseud. |
| 942 ## - Elementos de entrada adicionados (Koha) | |
| Tipo de item no Koha | Livro |
| Situação do levantamento | Origin of item (home branch) (coded) | Biblioteca de empréstimo | Código de barras | Cota | Circulation type (not for loan) | Tipo de documento | Nota do exemplar | Damaged status |
|---|---|---|---|---|---|---|---|---|
| Biblioteca Escolar da Coca Maravilhas | Biblioteca Escolar da Coca Maravilhas | BECM4527/99 | 8EST STE | Livro | Sem mensagem |
